000 00733nam a2200229 4500
003 OSt
005 20251013025649.0
006 a
008 240607b |||||||| |||| 00| 0 eng d
020 _a9789719919353
040 _aDWCL-Main lib.
_cOC
082 _22013 revised edition
_aFil. 657.3 V173f 2013
100 _aValix, Conrado T.
245 _aFinancial accounting, volume 3 /
_cValix, Conrado T.
250 _a2013 revised edition
260 _aManila :
_bGIC Enterprises,
_cc2013.
300 _b999 p. ;
_c22 cm.
504 _aIncludes appendix.
650 _a1. Accounting–Examinations, questions, etc.
650 _a2. Accounting–Problems, exercises, etc.
942 _2ddc
_n0
_cBK - FIL
_e2013 revised edition
_kFil.
999 _c338
_d338